La universidad productora de productores : entre biopolítica y subjetividad /

I tiakina i:
Ngā taipitopito rārangi puna kōrero
Kaituhi matua: Martínez Posada, Jorge Eliécer (autor)
Ētahi atu kaituhi: Morey, Miguel (prólogo) (prólogo), Castro-Gómez, Santiago (prefacio) (prefacio)
Hōputu: Pukapuka
Reo:Pāniora
I whakaputaina: Bogotá, Colombia : Universidad de La Salle, Departamento de Formación Lasallista, 2010, c2010
Ngā marau:
Ngā Tūtohu: Tāpirihia he Tūtohu
Kāore He Tūtohu, Me noho koe te mea tuatahi ki te tūtohu i tēnei pūkete!

MARC

LEADER 00000nam^a2200000^a^4500
001 000322606
005 20250521000000.0
009 20260310113615.12
020 |a 978-958-8572-26-0 
037 |a Acervo ITESO - Biblioteca 
041 |a ESP 
082 |a 378. 103  |b MAR 
100 |a Martínez Posada, Jorge Eliécer  |e (autor) 
245 1 3 |a La universidad productora de productores :  |b entre biopolítica y subjetividad /  |c J.E. Martínez Posada ; pról. de M. Morey ; pref. de S. Castro-Gómez. 
264 4 |a Bogotá, Colombia :  |b Universidad de La Salle, Departamento de Formación Lasallista,  |c 2010, c2010 
300 |a 184 p. 
336 |a texto  |b txt  |2 rdacontenido 
337 |a sin mediación  |b n  |2 rdamedio 
338 |a volumen  |b nc  |2 rdasoporte 
649 |a XX 
650 |a Educación y Trabajo -  |z Colombia 
650 |a Sector Productivo y Educación -  |z Colombia -  |x Tema Principal 
650 |a Política Educativa -  |z Colombia 
650 |a Educación y Estado -  |z Colombia 
650 |a Educación y Política -  |z Colombia 
650 |a Educación Superior -  |z Colombia 
700 |a Morey, Miguel  |e (prólogo) 
700 |a Castro-Gómez, Santiago  |e (prefacio) 
910 |a Fondo General 
920 |a Impresos - Libros 
930 |a Colección General 
905 |a 101 
901 |a 0500209857  |b IT1  |c ACC  |i C130727  |u 20250521 
902 |a https://opac.biblio.iteso.mx/vufind/Record/000322606